| 000 | 00561nam a2200217Ia 4500 | ||
|---|---|---|---|
| 008 | 170203s9999 xx 000 0 und d | ||
| 020 | _a0-590442988 | ||
| 050 | _aFic | ||
| 050 | _b.M379k 1989 | ||
| 100 | _aMartin, Ann | ||
| 245 | _aKaren's new holiday / | ||
| 245 | _cAnn M. Martin ; illustrations by Susan Crocca Tang. | ||
| 260 | _aNew York : | ||
| 260 | _bScholastic Inc. | ||
| 260 | _c1999 | ||
| 300 | _a90 pages; | ||
| 300 | _billustrations : | ||
| 300 | _c22 cm. | ||
| 440 | _aBaby-sitters little sister ; #112 | ||
| 650 | _aFriendship. | ||
| 999 |
_c306169 _d306169 |
||